| 000 | 01666nam a2200349 a 4500 | ||
|---|---|---|---|
| 001 | ebr10516656 | ||
| 003 | CaPaEBR | ||
| 006 | m u | ||
| 007 | cr cn||||||||| | ||
| 008 | 730830s1974 maua sb 101 0 eng d | ||
| 010 | _z 73015612 | ||
| 020 | _z0262021013 | ||
| 020 | _z9780262021012 | ||
| 020 | _z9781600862878 (e-book) | ||
| 040 |
_aCaPaEBR _cCaPaEBR |
||
| 035 | _a(OCoLC)300590818 | ||
| 050 | 1 | 4 |
_aTK5104 _b.A33 1974eb |
| 111 | 2 |
_aAIAA Communications Satellite Systems Conference _n(4th : _d1972 : _cWashington, D.C.) |
|
| 245 | 1 | 0 |
_aCommunications satellite technology _h[electronic resource] / _cedited by P. L. Bargellini. |
| 260 |
_aCambridge, Mass. : _bMIT Press, _c[1974] |
||
| 300 |
_axv, 540 p. : _bill. |
||
| 490 | 1 |
_aProgress in astronautics and aeronautics ; _vv. 33 |
|
| 500 | _a"Technical papers selected from the AIAA 4th Communications Satellite Systems Conference, April 1972, subsequently revised for this volume. In addition, the volume contains specially invited papers to round out the coverage of the subject." | ||
| 504 | _aIncludes bibliographical references and index. | ||
| 533 |
_aElectronic reproduction. _bPalo Alto, Calif. : _cebrary, _d2013. _nAvailable via World Wide Web. _nAccess may be limited to ebrary affiliated libraries. |
||
| 650 | 0 |
_aArtificial satellites in telecommunication _vCongresses. |
|
| 655 | 7 |
_aElectronic books. _2local |
|
| 700 | 1 | _aBargellini, P. L. | |
| 710 | 2 | _aebrary, Inc. | |
| 830 | 0 |
_aProgress in astronautics and aeronautics ; _vv. 33. |
|
| 856 | 4 | 0 |
_uhttp://site.ebrary.com/lib/rucke/Doc?id=10516656 _zAn electronic book accessible through the World Wide Web; click to view |
| 999 |
_c121189 _d121189 |
||